logo

Bir Sreshtho Munshi Abdur Rouf Library
Jhenaidah Cadet College

English Vocabulary in Use : (Record no. 582)

MARC details
000 -LEADER
fixed length control field 00663nam a2200229 a 4500
001 - CONTROL NUMBER
JCCL Control Number 582
003 - CONTROL NUMBER IDENTIFIER
JCCL marc code BD-JhCC
005 - DATE AND TIME OF LATEST TRANSACTION
control field 20171012130111.0
008 - FIXED-LENGTH DATA ELEMENTS--GENERAL INFORMATION
fixed length control field 171007s2010 ii a|||| ||a| 000 0 eng d
035 ## - SYSTEM CONTROL NUMBER
system control number (BD-JhCC) 582
040 ## - CATALOGING SOURCE
Original cataloging agency BD-JhCC
Modifying agency BD-JhCC
041 ## - LANGUAGE CODE
Language code of Book eng
082 ## - DEWEY DECIMAL CLASSIFICATION NUMBER
Classification number 428.24 MCC
Author mark and Year MCC 2010
100 ## - MAIN ENTRY--PERSONAL NAME
Personal name McCarthy, Michael
245 ## - TITLE STATEMENT
Title English Vocabulary in Use :
Remainder of title vocabulary referecnce and practice /
Statement of responsibility, etc Michael McCarthy; Felicity O'dell
260 ## - PUBLICATION, DISTRIBUTION, ETC. (IMPRINT)
Place of publication, distribution, etc New Delhi :
Name of publisher, distributor, etc Cambridge University press
Date of publication, distribution, etc 2010
300 ## - PHYSICAL DESCRIPTION
Pagination 174 p.:
Dimensions 22 cm.
650 ## - SUBJECT ADDED ENTRY--TOPICAL TERM
Topical term or geographic name as entry element English Teaching
700 ## - ADDED ENTRY--PERSONAL NAME
Personal name O'dell, Felicity
942 ## - ADDED ENTRY ELEMENTS (KOHA)
Source of classification or shelving scheme Dewey Decimal Classification
Koha item type Books
Holdings
Source of classification or shelving scheme Damaged status Not for loan Home library Current library Shelving location Date of accession Total Checkouts Full call number Barcode Date last seen Copy number Koha item type
Dewey Decimal Classification     JCC Rouf Library JCC Rouf Library General Stacks 10/07/2017   428.24 MCC 2010 1150 10/07/2017 C-1 Books

JCC Library | Contacts | JCC Home

Last Update on 23 September 2017
Copyright @ 2017-2020 JCC Rouf Library
Rouf Library, Jhenidah Cadet College (JCC), Bangladesh